Beschaffungs- und Lagerwirtschaft Praxisorientierte Darstellung mit Aufgaben und Lösungen

Salvato in:
Dettagli Bibliografici
Autore principale: Bichler, Klaus
Natura: Libro
Lingua:tedesco
Pubblicazione: Wiesbaden Gabler 1990
Edizione:5. erw. Aufl.
Soggetti:
Tags: Aggiungi Tag
Nessun Tag, puoi essere il primo ad aggiungerne!!

MARC

LEADER 00000nam a2200000 4500
001 c000188
005 20221215125234.6
020 |a 3-409-30765-6 
041 0 |a ger 
044 |a DE 
245 1 0 |a Beschaffungs- und Lagerwirtschaft  |b Praxisorientierte Darstellung mit Aufgaben und Lösungen  |c Klaus Bichler 
250 |a 5. erw. Aufl. 
264 1 |a Wiesbaden  |b Gabler  |c 1990 
300 |a 242 s. 
610 2 0 |a hospodárstvo skladové 
610 2 0 |a zásobovanie 
610 2 0 |a zásobovanie materiálno-technické 
610 2 0 |a stratégia podniková 
610 2 0 |a dodávatelia 
610 2 0 |a dodávky 
610 2 0 |a logistika 
610 2 0 |a zmluvy kúpne 
100 1 |a Bichler, Klaus